The provincial lady in America (Record no. 65992)

MARC details
000 -LEADER
fixed length control field 00545nam a2200193Ia 4500
008 - FIXED-LENGTH DATA ELEMENTS--GENERAL INFORMATION
fixed length control field 191130s1934##################000#0#eng##
020 ## - INTERNATIONAL STANDARD BOOK NUMBER
ISBN 9780897335393
082 ## - DEWEY DECIMAL CLASSIFICATION NUMBER
Classification number 823.912 DEL
100 ## - MAIN ENTRY--AUTHOR NAME
Personal name Delafield, E. M
245 ## - TITLE STATEMENT
Title The provincial lady in America
Statement of responsibility, etc E. M. Delafield
260 ## - PUBLICATION, DISTRIBUTION, ETC. (IMPRINT)
Place of publication New York, London
Name of publisher [publisher not identified]
Year of publication 1934
300 ## - PHYSICAL DESCRIPTION
Number of Pages vi, 245 p. : ill. ; 21 cm
650 ## - SUBJECT ADDED ENTRY--TOPICAL TERM
Topical Term British
Topical Term United States
991 ## -
-- 313863
Holdings
Withdrawn status Lost status Damaged status Not for loan Home library Current library Date acquired Full call number Accession Number Price effective from Koha item type
        Anna Centenary Library Anna Centenary Library 09.10.2020 823.912 DEL 422719 09.10.2020 English Books

Find us on the map